[Event "Turkish Cup 2016"]
[Site "Manavgat TUR"]
[Date "2016.02.02"]
[Round "5.6"]
[White "Gokerkan, Cem Kaan"]
[Black "Ali Marandi, Cemil Can"]
[Result "1/2-1/2"]
[BlackTitle "IM"]
[WhiteElo "2220"]
[BlackElo "2450"]
[WhiteTeam "ISTANBUL"]
[BlackTeam "HATAY"]
[WhiteFideId "6336760"]
[BlackFideId "6300529"]
[EventDate "2016.01.30"]

1. e4 e5 2. Nc3 Nf6 3. g3 c6 4. d4 exd4 5. Qxd4 d5 6. Bg5 Be7 7. O-O-O O-O 8. e5
Nfd7 9. Bxe7 Qxe7 10. f4 f6 11. exf6 Nxf6 12. Nf3 Nbd7 13. Bh3 Nc5 14. Rhe1 Qd6
15. f5 b5 16. Qe5 Qxe5 17. Nxe5 b4 18. Ne2 Nce4 19. Rf1 Ba6 20. Nd3 c5 21. Nef4
Rab8 22. Bg2 Rfe8 23. Ne6 Rec8 24. Rfe1 c4 25. Bxe4 Nxe4 26. Ndf4 b3 27. Rxd5
bxa2 28. Ra5 c3 29. b3 Bb7 30. Rxa2 Nd6 31. Ra5 Be4 32. g4 Re8 33. Re3 Rec8 34.
Rc5 Rxc5 35. Nxc5 Rb4 36. Rxc3 Bxf5 37. Ncd3 Bxd3 38. Rxd3 Rxf4 39. Rxd6 Rxg4
40. Rd8+ Kf7 41. Rd7+ Kf6 42. Rxa7 Rh4 43. Rd7 Rxh2 44. b4 Rh4 45. c3 g5 46. b5
g4 47. b6 g3 48. b7 g2 49. Rd1 Rh1 50. b8=Q Rxd1+ 51. Kxd1 g1=Q+ 1/2-1/2

[Event "Turkish Cup 2016"]
[Site "Manavgat TUR"]
[Date "2016.02.02"]
[Round "5.7"]
[White "Erdogdu, Mert"]
[Black "Demir, Bilal"]
[Result "1-0"]
[WhiteTitle "IM"]
[WhiteElo "2438"]
[BlackElo "2132"]
[WhiteTeam "ISTANBUL"]
[BlackTeam "BURDUR"]
[WhiteFideId "6301495"]
[BlackFideId "4662369"]
[EventDate "2016.01.30"]

1. e4 e5 2. Nf3 d6 3. d4 exd4 4. Qxd4 a6 5. Bf4 Nc6 6. Qd2 Nf6 7. Nc3 Be7 8. Bd3
O-O 9. h3 Re8 10. O-O Nd7 11. Nd5 Nce5 12. Nd4 c6 13. Nxe7+ Qxe7 14. Nf5 Qe6 15.
Rfe1 Nc5 16. Re3 Qf6 17. Rg3 Ng6 18. Bxd6 Nxe4 19. Bxe4 Rxe4 20. Be7 1-0

[Event "Turkish Cup 2016"]
[Site "Manavgat TUR"]
[Date "2016.02.02"]
[Round "5.8"]
[White "Rzayev, Askar Aliakbar"]
[Black "Soysal, Serkan"]
[Result "0-1"]
[BlackTitle "FM"]
[WhiteElo "2082"]
[BlackElo "2349"]
[WhiteTeam "BURSA"]
[BlackTeam "KAHRAMANMARAS"]
[WhiteFideId "13405039"]
[BlackFideId "6349250"]
[EventDate "2016.01.30"]

1. d4 d6 2. Nf3 f5 3. g3 Nf6 4. Bg2 g6 5. O-O Bg7 6. c4 O-O 7. b3 Ne4 8. Bb2 Nc6
9. Nbd2 e5 10. dxe5 Nxd2 11. Qxd2 dxe5 12. Qd5+ Kh8 13. Qxd8 Rxd8 14. Rfd1 Re8
15. Ne1 e4 16. Bxg7+ Kxg7 17. Nc2 a5 18. Nd4 Nxd4 19. Rxd4 a4 20. Rb1 axb3 21.
axb3 Ra2 22. Kf1 Be6 23. Ke1 Rea8 24. f3 exf3 25. Bxf3 c6 26. c5 g5 27. Rd2 g4
28. Bg2 Rxd2 29. Kxd2 Kf6 30. Rb2 Ra1 31. e3 Ke5 32. Kc3 h6 33. b4 Ra3+ 34. Kd2
Bc4 35. Rc2 Bb5 36. Rb2 Rd3+ 37. Ke1 Rxe3+ 38. Kf2 Ra3 0-1

[Event "Turkish Cup 2016"]
[Site "Manavgat TUR"]
[Date "2016.02.02"]
[Round "5.9"]
[White "Kilic, Efe Mert"]
[Black "Koksal, Ege"]
[Result "1/2-1/2"]
[BlackTitle "FM"]
[WhiteElo "1998"]
[BlackElo "2331"]
[WhiteTeam "KOCAELI"]
[BlackTeam "MANISA"]
[WhiteFideId "6354327"]
[BlackFideId "6317626"]
[EventDate "2016.01.30"]

1. e4 e5 2. Nf3 Nc6 3. Bc4 Bc5 4. c3 Nf6 5. d3 O-O 6. O-O d6 7. Nbd2 a6 8. Bb3
Be6 9. Re1 Bb6 10. h3 h6 11. Nf1 Re8 12. Be3 Bxe3 13. Nxe3 Qd7 14. Bxe6 Qxe6 15.
Qb3 Qxb3 16. axb3 Rad8 17. Nc4 Nd7 18. b4 f6 19. Na5 Nxa5 20. Rxa5 Nb8 21. Kf1
Kf7 22. Ke2 g6 23. Kd2 Nc6 24. Raa1 f5 25. Nh4 Kf6 26. Kc2 Ne7 27. Nf3 Nc6 28.
Nd2 Rf8 29. Nb3 Kg5 30. Re2 Rde8 31. Na5 Nxa5 32. Rxa5 f4 33. Re1 Kh4 34. Kd2 h5
35. Ke2 f3+ 36. gxf3 Kg5 37. d4 Rf4 38. dxe5 1/2-1/2

[Event "Turkish Cup 2016"]
[Site "Manavgat TUR"]
[Date "2016.02.02"]
[Round "5.10"]
[White "Apaydin, Fethi"]
[Black "Sakir, Ridvan"]
[Result "1/2-1/2"]
[WhiteTitle "FM"]
[WhiteElo "2234"]
[BlackElo "2093"]
[WhiteTeam "ISTANBUL"]
[BlackTeam "ADANA"]
[WhiteFideId "6302521"]
[BlackFideId "6365434"]
[EventDate "2016.01.30"]

1. d4 Nf6 2. Bg5 Ne4 3. h4 d5 4. Nd2 Nxg5 5. hxg5 Bf5 6. e3 e6 7. g4 Bg6 8. f4
c5 9. c3 Nc6 10. Ngf3 Qb6 11. Qb3 Qxb3 12. Nxb3 cxd4 13. Nfxd4 Be4 14. Rh2 Nxd4
15. Nxd4 Bd6 16. Bg2 Bxg2 17. Rxg2 Ke7 18. Rh2 h6 19. gxh6 g5 20. Nb5 Bb8 21.
Ke2 gxf4 22. Rh5 fxe3 23. Kxe3 Rh7 24. Nd4 Bd6 25. Nf3 Rg8 26. g5 Bc5+ 27. Kf4
f6 28. Rah1 Rg6 29. Kg4 Be3 30. Re1 Bxg5 31. Nxg5 fxg5 32. Reh1 Kf7 33. Rf1+ Rf6
34. Rfh1 Rf2 35. Kxg5 Rg2+ 36. Kh4 Rxb2 37. Rf1+ Ke7 38. Rg1 Rxa2 39. Kg5 Rf2
40. Kg6 Rhf7 41. Rg4 R2f6+ 42. Kg5 b5 43. Rh1 Rf5+ 44. Kg6 Kf8 45. Re1 e5 46.
Rg5 Rxg5+ 47. Kxg5 e4 48. Kg6 Rc7 49. Rd1 Rc6+ 50. Kf5 Rd6 51. Ke5 Rd7 52. Ke6
Re7+ 53. Kf6 Rd7 54. Ke6 Rh7 55. Rf1+ Ke8 56. Kxd5 Rxh6 57. Kxe4 Rc6 58. Kd3 Ke7
59. Rf5 a6 60. Kc2 Kd6 61. Kb3 Kc7 62. Rf4 a5 63. Rf5 Kb6 64. Rh5 a4+ 65. Kb2
Rg6 66. Ka3 Rg4 67. Rh8 Rc4 68. Rb8+ Kc5 69. Kb2 Re4 70. Rc8+ Kd5 71. Rd8+ Kc4
72. Rc8+ Kd3 73. Rd8+ Ke3 74. Rd5 b4 75. cxb4 Rxb4+ 76. Ka3 Rd4 77. Rxd4 Kxd4
78. Kxa4 1/2-1/2

[Event "Turkish Cup 2016"]
[Site "Manavgat TUR"]
[Date "2016.02.02"]
[Round "5.11"]
[White "Ozkan, Ervin"]
[Black "Arslan, Erdal"]
[Result "0-1"]
[WhiteElo "2242"]
[BlackElo "1990"]
[WhiteTeam "BURSA"]
[BlackTeam "HATAY"]
[WhiteFideId "6306004"]
[BlackFideId "6318916"]
[EventDate "2016.01.30"]

1. d4 c5 2. c3 e6 3. Nf3 Nf6 4. Bf4 Nc6 5. e3 d5 6. Nbd2 cxd4 7. exd4 Bd6 8. Bg3
O-O 9. Bd3 h6 10. Qe2 Ne7 11. O-O Bxg3 12. hxg3 b6 13. Ne5 Bb7 14. g4 Nc8 15. g3
Nd6 16. f3 Nh7 17. Kg2 Ng5 18. Rh1 f6 19. Ng6 Re8 20. Rh5 Rc8 21. Rah1 e5 22.
dxe5 fxe5 23. Rxg5 Qxg5 24. Rh5 Qd8 25. Rxe5 Rc7 26. Nb3 Rxe5 27. Qxe5 Qf6 28.
Qe3 Ba6 29. Bc2 Bb5 30. Nd4 Be8 31. Nf4 Bf7 32. Qd3 g6 33. Nb3 Qg5 34. Nd2 Kg7
35. Nf1 Nc4 36. b3 Na3 37. Ne3 Nxc2 38. Nxc2 Qe5 39. Ne2 Re7 40. Qd4 Qxd4 41.
Ncxd4 Re3 42. Kf2 Rd3 43. a4 a6 44. Nc6 a5 45. Ne5 Rd2 46. Ke3 Rb2 47. Nd4 Be8
48. c4 Bf7 49. Nxf7 Kxf7 50. cxd5 Ke7 51. f4 Kd6 52. Ke4 Rb1 53. Nb5+ Kc5 54.
Ke5 Rxb3 55. d6 Rxg3 56. f5 gxf5 57. gxf5 Kc6 58. f6 Re3+ 59. Kf5 Re1 60. Kg6
Rf1 61. f7 h5 62. Kg7 h4 63. f8=Q Rxf8 64. Kxf8 Kd7 65. Nd4 h3 66. Nf3 Kxd6 67.
Kf7 b5 68. axb5 a4 0-1

[Event "Turkish Cup 2016"]
[Site "Manavgat TUR"]
[Date "2016.02.02"]
[Round "5.12"]
[White "Demircioglu, Emre"]
[Black "Demirag, Batuhan"]
[Result "1-0"]
[WhiteElo "2207"]
[BlackElo "1830"]
[WhiteTeam "ISTANBUL"]
[BlackTeam "YALOVA"]
[WhiteFideId "6301878"]
[BlackFideId "6356133"]
[EventDate "2016.01.30"]

1. d4 Nf6 2. Nf3 e6 3. c4 d5 4. Nc3 Be7 5. Bf4 c6 6. e3 Nbd7 7. c5 b6 8. b4 a5
9. a3 b5 10. h3 Bb7 11. Bd3 Qc8 12. O-O Bd8 13. Nd2 Bc7 14. Bxc7 Qxc7 15. f4
axb4 16. axb4 Rxa1 17. Qxa1 O-O 18. Qb1 Rd8 19. Nb3 Nf8 20. Qc2 Ra8 21. Na5 Rd8
22. Ra1 Ra8 23. Ra3 Qd7 24. Qa2 Qc7 25. Nb1 N6d7 26. Nd2 f5 27. Nf3 h6 28. Kh1
Ng6 29. Qa1 Kh8 30. Ra2 Kg8 31. Nd2 Kh8 32. Ndb3 Kg8 33. Qd1 Nf6 34. Nd2 Kh8 35.
Nf3 Kg8 36. Ne5 Nxe5 37. dxe5 Ne4 38. Bxe4 fxe4 39. Qa1 Qb8 40. Nb3 Rxa2 41.
Qxa2 Qa8 42. Qa5 Qe8 43. Nd4 Qd7 44. Qa7 Bc8 45. Qa8 Kh7 46. Qxc6 Qd8 47. Qxb5
Qh4 48. Qe2 1-0

[Event "Turkish Cup 2016"]
[Site "Manavgat TUR"]
[Date "2016.02.02"]
[Round "5.13"]
[White "Marasli, Tutku Kahraman"]
[Black "Dalgar, Hakki Berat"]
[Result "1-0"]
[BlackTitle "CM"]
[WhiteElo "2145"]
[BlackElo "1982"]
[WhiteTeam "KAYSERI"]
[BlackTeam "KARAMAN"]
[WhiteFideId "6307493"]
[BlackFideId "6347444"]
[EventDate "2016.01.30"]

1. d4 f5 2. c4 Nf6 3. Nc3 g6 4. f3 Bg7 5. Bg5 d6 6. Qd2 Nc6 7. O-O-O e5 8. d5
Ne7 9. e4 h6 10. Be3 Bd7 11. Bd3 f4 12. Bf2 g5 13. c5 b6 14. cxd6 cxd6 15. Kb1
O-O 16. Rc1 Qe8 17. Nge2 h5 18. Rc2 Qg6 19. h3 g4 20. hxg4 hxg4 21. Nxf4 exf4
22. e5 Bf5 23. Bxf5 Qxf5 24. exf6 Bxf6 25. fxg4 Qxg4 26. Bd4 Nf5 27. Bxf6 Rxf6
28. Ne4 Rf7 29. Qc3 Qg7 30. Qh3 Qh7 31. Qxh7+ Rxh7 32. Nf6+ 1-0

[Event "Turkish Cup 2016"]
[Site "Manavgat TUR"]
[Date "2016.02.02"]
[Round "5.14"]
[White "Ozen, Deniz"]
[Black "Unal, Osman"]
[Result "1-0"]
[WhiteTitle "FM"]
[WhiteElo "2061"]
[BlackElo "1795"]
[WhiteTeam "IZMIR"]
[BlackTeam "ORDU"]
[WhiteFideId "6349196"]
[BlackFideId "6321224"]
[EventDate "2016.01.30"]

1. e4 e6 2. d4 d5 3. Nc3 Nf6 4. Bg5 Be7 5. e5 Nfd7 6. Bxe7 Qxe7 7. f4 a6 8. Nf3
c5 9. Qd2 Nc6 10. dxc5 Nxc5 11. Bd3 Qc7 12. O-O O-O 13. Qf2 Nxd3 14. cxd3 f6 15.
Rae1 Bd7 16. exf6 Rxf6 17. g3 Raf8 18. Qe3 Qd6 19. Nd4 Qb4 20. Nce2 Qb6 21. b3
Be8 22. Kf2 Bh5 23. Nxc6 Qxc6 24. Nd4 Qb6 25. Kg2 Bf7 26. Nf3 Qa5 27. Qd2 Qxd2+
28. Nxd2 Bg6 29. d4 Rc8 30. Rc1 Rff8 31. Kf2 Kf7 32. Nf3 Ke7 33. Ke3 Be4 34. Ne5
h6 35. Kd2 Rfe8 36. Rfe1 Rg8 37. a3 Rgd8 38. Rxc8 Rxc8 39. Rc1 Rxc1 40. Kxc1 h5
41. Kd2 Kd6 42. Kc3 b6 43. Kb4 Bg2 44. a4 Bf1 45. a5 b5 46. Nf7+ Ke7 47. Ne5 Kd6
48. Kc3 Bh3 49. Nd3 Bf1 50. Nc5 Bh3 51. Nxa6 Kc6 52. Nc5 Bf5 53. Kb4 Bg4 54. a6
Kb6 55. a7 Kxa7 56. Kxb5 Kb8 57. Kc6 Kc8 58. b4 Kd8 59. Kd6 1-0

[Event "Turkish Cup 2016"]
[Site "Manavgat TUR"]
[Date "2016.02.02"]
[Round "5.15"]
[White "Sumer, Gun"]
[Black "Kucuk, Dogan"]
[Result "1/2-1/2"]
[WhiteElo "1969"]
[BlackElo "2066"]
[WhiteTeam "SIVAS"]
[BlackTeam "ANTALYA"]
[WhiteFideId "6311784"]
[BlackFideId "6312985"]
[EventDate "2016.01.30"]

1. e4 d5 2. exd5 Qxd5 3. Nc3 Qd6 4. d4 Nf6 5. Nf3 g6 6. Nb5 Qd8 7. c4 c6 8. Nc3
Bg7 9. h3 O-O 10. Bd3 c5 11. dxc5 Nfd7 12. Be3 Qa5 13. O-O Bxc3 14. bxc3 Nxc5
15. Be2 Rd8 16. Qb1 Nc6 17. Nd4 Ne6 18. Nxc6 bxc6 19. Qb4 Qc7 20. c5 Rb8 21. Qh4
Rb2 22. Bc4 Rc2 23. Rac1 Rxc1 24. Rxc1 Ng7 25. Bf4 Qd7 26. Be5 Qf5 27. Bxg7 Kxg7
28. Qxe7 Qf6 29. Re1 Be6 1/2-1/2

[Event "Turkish Cup 2016"]
[Site "Manavgat TUR"]
[Date "2016.02.02"]
[Round "5.16"]
[White "Kerigan, Demre"]
[Black "Kiremitciyan, Ari"]
[Result "1-0"]
[WhiteTitle "IM"]
[WhiteElo "2378"]
[BlackElo "1998"]
[WhiteTeam "ISTANBUL"]
[BlackTeam "ISTANBUL"]
[WhiteFideId "6307841"]
[BlackFideId "6373445"]
[EventDate "2016.01.30"]

1. e4 e6 2. d4 d5 3. Nd2 Nf6 4. e5 Nfd7 5. Bd3 c5 6. c3 Nc6 7. Ne2 f6 8. exf6
Nxf6 9. Nf3 Bd6 10. O-O Qc7 11. Bg5 O-O 12. Bh4 e5 13. dxe5 Nxe5 14. Nxe5 Bxe5
15. Bg3 Bd7 16. Qd2 Rae8 17. Rad1 Nh5 18. Bc2 Nxg3 19. hxg3 Bc6 20. Bb3 Rd8 21.
Qe3 b6 22. Rd2 h6 23. Rfd1 Rde8 24. Rxd5 Bxd5 25. Rxd5 c4 26. Ba4 Bd4 27. Qxe8
Bxf2+ 28. Kh2 Rxe8 29. Bxe8 Qe7 30. Bg6 Bc5 31. Nf4 Bd6 32. Rd4 Bxf4 33. gxf4
Qf6 34. f5 Qe7 35. Rxc4 Qd6+ 36. g3 Qd2+ 37. Kh3 1-0

[Event "Turkish Cup 2016"]
[Site "Manavgat TUR"]
[Date "2016.02.02"]
[Round "5.17"]
[White "Tuncer, Tuna"]
[Black "Tirak, Mert"]
[Result "0-1"]
[WhiteTitle "FM"]
[WhiteElo "2353"]
[BlackElo "1915"]
[WhiteTeam "ISTANBUL"]
[BlackTeam "ADANA"]
[WhiteFideId "6349269"]
[BlackFideId "6311830"]
[EventDate "2016.01.30"]

1. e4 c5 2. Nf3 d6 3. d4 cxd4 4. Nxd4 Nf6 5. Nc3 g6 6. Be3 Bg7 7. f3 a6 8. Qd2
h5 9. O-O-O b5 10. Nd5 Bb7 11. Nb6 Qxb6 12. Nf5 Qc7 13. Nxg7+ Kf8 14. Bh6 Kg8
15. Nf5 Nc6 16. Rg1 Rc8 17. Kb1 Ne5 18. Bd3 Ba8 19. h3 gxf5 20. Qg5+ Ng6 21.
exf5 Rxh6 22. Qxh6 Ne5 23. h4 Bd5 24. Qd2 Kf8 25. Rge1 Ke8 26. Rc1 Nc4 27. Qg5
Kd7 28. Qf4 Nxb2 29. Qe3 e5 30. fxe6+ Bxe6 31. Qd4 Nd5 32. Kxb2 Qa5 33. Rxe6
fxe6 34. c4 b4 35. Qg7+ Ne7 36. c5 Qa3+ 0-1

[Event "Turkish Cup 2016"]
[Site "Manavgat TUR"]
[Date "2016.02.02"]
[Round "5.18"]
[White "Yigit, Ahmet Yasir"]
[Black "Dogan, Ali Ekber"]
[Result "0-1"]
[WhiteElo "1961"]
[BlackElo "2140"]
[WhiteTeam "BURSA"]
[BlackTeam "MALATYA"]
[WhiteFideId "6356478"]
[BlackFideId "6304540"]
[EventDate "2016.01.30"]

1. d4 Nf6 2. c4 g6 3. Nc3 Bg7 4. e4 d6 5. Nf3 O-O 6. h3 Na6 7. Be3 e5 8. d5 Nh5
9. Nd2 Qe8 10. g4 Nf4 11. a3 Nc5 12. Qc2 a5 13. O-O-O Bd7 14. Kb1 c6 15. Nb3
Nxb3 16. Qxb3 c5 17. Qc2 f5 18. f3 fxe4 19. fxe4 Qe7 20. Bf2 Rf7 21. Bg3 Bf6 22.
Qf2 Raf8 23. Qe1 b6 24. Be2 Ng2 25. Qg1 Nh4 26. Rf1 Bg5 27. Rxf7 Qxf7 28. Qd1
Nf3 29. Ka1 Nd4 30. Rf1 Bf4 31. Bd3 Qe8 32. Bf2 Rf7 33. Bxd4 exd4 34. Ne2 Be5
35. Ng1 Ba4 36. b3 Rxf1 37. Bxf1 d3+ 38. Ka2 Bg7 39. Bxd3 Qe5 40. Qb1 Qh2+ 41.
Ne2 Bd7 42. Qf1 Qe5 43. Qb1 h5 44. gxh5 gxh5 45. Ng1 Qh2+ 46. Bc2 Qg2 47. Qd1 a4
48. b4 Qf2 49. bxc5 bxc5 50. Qb1 Be8 51. Qd1 Bg6 52. Ne2 Qf6 53. Qb1 Qf3 54. Bd3
Qxh3 55. Qc2 Qf1 56. Nc3 Qf6 57. e5 Bxd3 58. exf6 Bxc2 59. fxg7 h4 60. Ne2 h3
61. Kb2 h2 62. Ng3 Be4 63. Nxe4 h1=Q 64. Nc3 Qg2+ 0-1

[Event "Turkish Cup 2016"]
[Site "Manavgat TUR"]
[Date "2016.02.02"]
[Round "5.19"]
[White "Yelligedik, Murat"]
[Black "Burcu, Cagatay"]
[Result "0-1"]
[WhiteElo "1936"]
[BlackElo "2193"]
[WhiteTeam "BURDUR"]
[BlackTeam "ANTALYA"]
[WhiteFideId "6366457"]
[BlackFideId "6310630"]
[EventDate "2016.01.30"]

1. e4 e6 2. d4 d5 3. Nc3 Nf6 4. Bg5 dxe4 5. Nxe4 Nbd7 6. Nf3 h6 7. Nxf6+ Nxf6 8.
Bxf6 Qxf6 9. Bb5+ c6 10. Bd3 Bd6 11. Qe2 Bd7 12. O-O-O O-O-O 13. Kb1 Kb8 14.
Rhe1 c5 15. dxc5 Bxc5 16. Ne5 Bc8 17. f4 Bd6 18. g3 g5 19. Qh5 Rhf8 20. Ng4 Qg7
21. Rg1 Bc5 22. Rgf1 f5 23. Ne5 Bd4 24. Rde1 g4 25. h3 gxh3 26. Qxh3 Rg8 27. Bc4
Rd6 28. c3 Bxe5 29. Rxe5 Qxg3 30. Qxg3 Rxg3 31. Re2 Bd7 32. Rh2 Rg6 33. Kc1 Bc6
34. Rd1 Kc7 35. Rxd6 Kxd6 36. b4 Rg1+ 37. Kd2 Rg2+ 38. Rxg2 Bxg2 39. Be2 e5 40.
Ke3 Bh3 41. c4 Bg2 42. Bd1 Bc6 43. c5+ Ke6 44. a4 e4 45. b5 Be8 46. Bb3+ Kd7 47.
Bd5 Kc7 48. Kf2 Bh5 49. a5 b6 50. cxb6+ axb6 51. a6 Kb8 52. Bc4 Bg4 53. Bf1 h5
54. Bg2 h4 55. Bf1 h3 56. Kg3 e3 57. Bc4 e2 58. Kf2 Bf3 0-1

[Event "Turkish Cup 2016"]
[Site "Manavgat TUR"]
[Date "2016.02.02"]
[Round "5.20"]
[White "Yaran, Siar"]
[Black "Gulsoy, Mustafa Alpago"]
[Result "0-1"]
[WhiteTitle "CM"]
[WhiteElo "2195"]
[BlackElo "1957"]
[WhiteTeam "KAHRAMANMARAS"]
[BlackTeam "KARAMAN"]
[WhiteFideId "6323006"]
[BlackFideId "6337074"]
[EventDate "2016.01.30"]

1. b3 c5 2. Bb2 Nc6 3. Nf3 d6 4. d4 cxd4 5. Nxd4 Nf6 6. g3 Bg4 7. Bg2 Rc8 8. h3
Bh5 9. O-O Bg6 10. c4 h5 11. Nc3 h4 12. g4 e5 13. e3 exd4 14. exd4 Be7 15. f4
Qd7 16. d5 Nb4 17. f5 Bh7 18. a3 Na6 19. g5 Bxf5 20. gxf6 Bxf6 21. Qf3 Bg6 22.
Qe3+ Kf8 23. Rxf6 gxf6 24. Ne4 Bxe4 25. Bxf6 Bxg2 26. Bxh8 Qxh3 27. Qh6+ Ke8 28.
Re1+ Kd7 29. Qf6 Kc7 30. Re7+ Kb8 31. Qxd6+ Ka8 32. Qh2 Qxh2+ 33. Kxh2 Bxd5 34.
cxd5 Rxh8 35. Rxf7 Rd8 36. Rf5 Kb8 37. Kh3 Nc7 38. Kxh4 Nxd5 39. Kg3 Ne3 40. Rf3
Rd3 41. Kf4 Nd5+ 42. Ke4 Rxf3 43. Kxf3 Kc7 44. Ke4 Kc6 45. Kd4 b5 46. a4 b4 47.
a5 Nc3 48. Kc4 Na2 0-1

[Event "Turkish Cup 2016"]
[Site "Manavgat TUR"]
[Date "2016.02.02"]
[Round "5.21"]
[White "Bircan, Selim"]
[Black "Karagollu, Ahmet"]
[Result "1-0"]
[WhiteElo "1968"]
[BlackElo "2113"]
[WhiteTeam "KONYA"]
[BlackTeam "IZMIR"]
[WhiteFideId "6315569"]
[BlackFideId "6307825"]
[EventDate "2016.01.30"]

1. d4 Nf6 2. c4 g6 3. Nc3 Bg7 4. e4 d6 5. Nf3 O-O 6. Be2 e5 7. Be3 Nc6 8. d5 Ne7
9. Nd2 Nd7 10. b4 f5 11. f3 a5 12. a3 f4 13. Bf2 g5 14. c5 Nf6 15. Nc4 axb4 16.
axb4 Rxa1 17. Qxa1 Ng6 18. cxd6 cxd6 19. Nb5 Ne8 20. Qa5 Bf6 21. Qxd8 Bxd8 22.
Nbxd6 Nxd6 23. Nxd6 Be7 24. Bc5 b6 25. Nxc8 Rxc8 26. Bxe7 Rc1+ 27. Bd1 Nxe7 28.
Kd2 Rb1 29. Kc2 Rxb4 30. Kc3 Rd4 31. Bb3 Nc8 32. Ra1 Nd6 33. Ra6 Nb5+ 34. Kc2
Rb4 35. d6+ Kg7 36. d7 Nd4+ 37. Kc3 Rxb3+ 38. Kc4 b5+ 39. Kd5 Rd3 40. Kxe5 Nxf3+
41. gxf3 Rxd7 42. Kf5 h6 43. Rg6+ Kh7 44. Rb6 Rf7+ 45. Kg4 Kg7 46. Rxb5 Ra7 47.
h3 Ra3 48. Rb7+ Kg6 49. Rb6+ Kg7 50. e5 Ra8 51. Kh5 Re8 52. Rg6+ Kf7 53. Kxh6
Rxe5 54. Rxg5 Re1 55. Rf5+ Ke6 56. Rxf4 Rh1 57. h4 Ke5 58. Kg5 Ke6 59. h5 Rg1+
60. Rg4 Rf1 61. f4 Kf7 62. f5 Ra1 63. h6 Kg8 64. Kg6 Ra8 65. Kf6+ Kh7 66. Rg6
Kh8 67. Kg5 Kh7 68. Rg7+ Kh8 69. Re7 Rf8 70. Kg6 Rg8+ 71. Rg7 Rf8 72. Rh7+ Kg8
73. Re7 Kh8 74. f6 Rg8+ 75. Rg7 1-0

[Event "Turkish Cup 2016"]
[Site "Manavgat TUR"]
[Date "2016.02.02"]
[Round "5.22"]
[White "Ererdem, Gani Eren"]
[Black "Tepe, Efe Can"]
[Result "1-0"]
[WhiteElo "2152"]
[BlackElo "1887"]
[WhiteTeam "KARAMAN"]
[BlackTeam "ANKARA"]
[WhiteFideId "6310915"]
[BlackFideId "6348297"]
[EventDate "2016.01.30"]

1. e4 e6 2. d4 d5 3. Nd2 Nc6 4. Ngf3 Nf6 5. e5 Nd7 6. b3 a5 7. c4 Nb6 8. Bb2
dxc4 9. bxc4 a4 10. a3 Be7 11. Bd3 Na5 12. c5 Nd5 13. Qxa4+ Bd7 14. Qc2 h6 15.
g3 Bc6 16. O-O Qd7 17. Ne4 Rb8 18. Qe2 b6 19. Rab1 bxc5 20. dxc5 Nb3 21. Nd4
Nxd4 22. Bxd4 Rxb1 23. Rxb1 Nf4 24. gxf4 Qxd4 25. Bb5 Bxb5 26. Qxb5+ Qd7 27. c6
Qd4 28. Nd6+ Bxd6 29. Qb8+ Ke7 30. exd6+ Kf6 31. Qxh8 Qxf4 32. Qd8+ Kg6 33. dxc7
Qg4+ 34. Kf1 Qc4+ 35. Ke1 Qe4+ 36. Kd2 1-0

[Event "Turkish Cup 2016"]
[Site "Manavgat TUR"]
[Date "2016.02.02"]
[Round "5.23"]
[White "Molla, Ersen"]
[Black "Sevgi, Volkan"]
[Result "0-1"]
[BlackTitle "FM"]
[WhiteElo "1929"]
[BlackElo "2197"]
[WhiteTeam "IZMIR"]
[BlackTeam "MERSIN"]
[WhiteFideId "6350763"]
[BlackFideId "6325335"]
[EventDate "2016.01.30"]

1. e4 c5 2. Nc3 a6 3. a4 e6 4. Nf3 d5 5. d3 Nc6 6. Be2 d4 7. Nb1 Qc7 8. Nbd2 Rb8
9. O-O Nf6 10. g3 h5 11. Nc4 Nd7 12. a5 e5 13. Nh4 g6 14. f4 Be7 15. Nf3 h4 16.
c3 hxg3 17. hxg3 f6 18. cxd4 exd4 19. Bd2 Nf8 20. Qe1 Bh3 21. Rf2 Be6 22. Nb6
Rd8 23. Bf1 Rg8 24. Rc1 g5 25. e5 gxf4 26. Bxf4 Ng6 27. Rg2 fxe5 28. Bd2 Bh3 29.
Rh2 Bxf1 30. Kxf1 e4 31. Qxe4 Qxg3 32. Rg2 Qh3 33. Kf2 Rd6 34. Rg3 Qh5 35. Rcg1
Rf8 36. Rxg6 Qxf3+ 37. Qxf3 Rxf3+ 38. Kxf3 Ne5+ 39. Ke4 Nxg6 40. Bg5 Kf7 41.
Bxe7 Nxe7 42. Rf1+ Ke8 43. Rc1 Re6+ 44. Kf4 Re3 45. Rxc5 Rxd3 46. Rc7 Rb3 47.
Rxb7 d3 48. Ke3 Nf5+ 49. Kd2 Nd6 50. Rb8+ Kf7 51. Nd7 Nc4+ 52. Kd1 Nxb2+ 53. Kc1
Rxb8 54. Nxb8 d2+ 55. Kc2 0-1

[Event "Turkish Cup 2016"]
[Site "Manavgat TUR"]
[Date "2016.02.02"]
[Round "5.24"]
[White "Ozen, Batuhan"]
[Black "Donmez, Yusuf"]
[Result "1-0"]
[WhiteElo "1921"]
[BlackElo "2071"]
[WhiteTeam "DENIZLI"]
[BlackTeam "KARAMAN"]
[WhiteFideId "6345123"]
[BlackFideId "6301967"]
[EventDate "2016.01.30"]

1. c4 Nf6 2. Nf3 g6 3. g3 Bg7 4. Nc3 O-O 5. Bg2 d6 6. O-O e5 7. Rb1 Nc6 8. d3 h6
9. b4 Ne8 10. b5 Ne7 11. Nd5 Nxd5 12. cxd5 f5 13. e4 f4 14. d4 g5 15. Ne1 a6 16.
a4 axb5 17. axb5 b6 18. Bb2 Bd7 19. Qd3 Kh8 20. Nc2 Qc8 21. Nb4 Ra4 22. Nc2 Bh3
23. f3 h5 24. Ra1 Rxa1 25. Bxa1 Bxg2 26. Kxg2 g4 27. Nb4 Qa8 28. Na6 Qd8 29. Bc3
Qg5 30. Nb4 h4 31. Nc6 h3+ 32. Kh1 fxg3 33. hxg3 gxf3 34. Rxf3 Qc1+ 35. Kh2 Nf6
36. Qe2 Bh6 37. Ne7 Rf7 38. Nf5 Rh7 39. dxe5 Ng4+ 40. Kxh3 Nxe5 41. Bxe5+ Bg7+
42. Nh4 Bxe5 43. Rf8+ Kg7 44. Qf3 Qg5 45. Qf7+ Kh6 46. Nf5+ Qxf5+ 47. Qxf5 1-0

[Event "Turkish Cup 2016"]
[Site "Manavgat TUR"]
[Date "2016.02.02"]
[Round "5.25"]
[White "Metin, Oguz"]
[Black "Karayel, Atagun"]
[Result "1-0"]
[WhiteElo "2134"]
[BlackElo "1919"]
[WhiteTeam "BURDUR"]
[BlackTeam "KARAMAN"]
[WhiteFideId "6307850"]
[BlackFideId "6305318"]
[EventDate "2016.01.30"]

1. d4 e6 2. g3 c5 3. Nf3 cxd4 4. Nxd4 Nc6 5. Bg2 Qa5+ 6. Nc3 d5 7. Nb3 Qa6 8.
O-O Nf6 9. e4 dxe4 10. Bg5 Be7 11. Bxf6 Bxf6 12. Nxe4 Bxb2 13. Nec5 Qb6 14. Na4 1-0

[Event "Turkish Cup 2016"]
[Site "Manavgat TUR"]
[Date "2016.02.02"]
[Round "5.26"]
[White "Zor, Alber Kadir"]
[Black "Kayar, Mehmet Erdem"]
[Result "1-0"]
[WhiteElo "2134"]
[BlackElo "1945"]
[WhiteTeam "ANKARA"]
[BlackTeam "ISTANBUL"]
[WhiteFideId "6353169"]
[BlackFideId "6301797"]
[EventDate "2016.01.30"]

1. e4 c6 2. d4 d5 3. Nd2 dxe4 4. Nxe4 Bf5 5. Ng3 Bg6 6. h4 h6 7. Nf3 Nd7 8. h5
Bh7 9. Bd3 Bxd3 10. Qxd3 e6 11. Bd2 Ngf6 12. O-O-O Be7 13. Kb1 O-O 14. Ne4 Nxe4
15. Qxe4 Nf6 16. Qe2 Qd5 17. Be3 Qb5 18. c4 Qf5+ 19. Ka1 Ng4 20. Bc1 b5 21. Ne5
Nxe5 22. dxe5 bxc4 23. g4 Qh7 24. Qxc4 a5 25. Rd7 Bb4 26. Rhd1 Rfb8 27. Be3 Bf8
28. Qxc6 Rc8 29. Qf3 g5 30. R7d2 a4 31. a3 Rab8 32. Bd4 Rb3 33. Rd3 Rc1+ 34.
Rxc1 Rxd3 35. Be3 Bxa3 36. bxa3 Rxa3+ 37. Kb2 Rb3+ 38. Ka2 Rb8 39. Bc5 Rc8 40.
Bd6 Rc2+ 41. Ka3 f5 1-0